| 000 | 00823nam a22001937a 4500 | ||
|---|---|---|---|
| 999 |
_c62295 _d62295 |
||
| 005 | 20240919155415.0 | ||
| 008 | 240919s2021 enk||||| |||| 00| 0 eng d | ||
| 020 | _a9798509236556x | ||
| 041 | _aeng | ||
| 080 | _a159.9 H-75 | ||
| 100 |
_aHollins, Peter _923246 |
||
| 245 |
_aThe Art of Strategic Decision-Making: _bHow to Make Tough Decisions Quickly, Intelligently, and Safely / _cPeter Hollins. |
||
| 264 |
_aLondon, _c2021. |
||
| 300 |
_a206 p.; _b21 cm. |
||
| 653 | _aსტრატეგიული გადაწყვეტილების მიღების ხელოვნება | ||
| 653 | _aგადაწყვეტილებები სწრაფად, ჭკვიანურად და უსაფრთხოდ | ||
| 653 | _aფსიქოლოგია | ||
| 942 |
_2udc _cBK |
||